000 00966nam a2200241 a 4500
001 55430
003 BD-RjUL
005 20211209080250.0
008 161117s1970 ii ||||| |||| 00| 0 ben d
020 _c: Tk.18.00
035 _a(BD-RjUL)55553
040 _aBD-RjUL
_bben
_cBD-RjUL
_dBD-RjUL
041 _aben
082 _223
_a891.4409
_bGHB 1970
100 _aঘোষ, প্রণবরঞ্জন
_9135417
245 1 0 _aচিন্তানায়ক রবীন্দ্রনাথ ও বিবেকানন্দ /
_cপ্রণবরঞ্জন ঘোষ,
250 _a২য় সং.
260 _aকলকাতা :
_bকরুণা প্রকাশনী,
_c১৯৭০
300 _a[১৪], ৪৪৮ পৃ. ;
_c২৫ সেমি.
650 _aবাংলা সাহিত্য
_xইতিহাস ও সমালোচনা
_9135418
650 _aBangla Literature
_vHistory and Criticism
_9135419
942 _2ddc
_cBK
999 _c55430
_d55430